| 000 | 01209nam a2200313 i 4500 | ||
|---|---|---|---|
| 003 | EG-GICUC | ||
| 005 | 20260507204203.0 | ||
| 008 | 260507s1897 fr fr|||| 00| 0 fre d | ||
| 040 |
_aEG-GiCUC _bfre _cEG-GiCUC _dEG-GiCUC _eRda |
||
| 041 | _afre | ||
| 082 | 0 | 4 |
_221 _a345.122044 _bDU.C |
| 092 | 0 | 4 | _221 |
| 099 | _aLaw1 07 345.122044 DU.C 7ed 1897 | ||
| 100 | 1 |
_a Ducrocq, Th. _eAuteur |
|
| 245 | 1 | 0 |
_a Cours de Droit Administratif et de Législation Française des Finances : _b avec introduction de droit constitutionnel et les principes du droit public . _nTOME DEUXIÈME , _pTribunaux Administratifs / _c Th. Ducrocq. |
| 250 | _aSeptième Édition. | ||
| 264 | 1 |
_aParis : _b Ancienne Librairie Thorin et Fils, A. Fontemoing, Éditeur, _c1897 . |
|
| 300 |
_a654 page ; _c 24 cm. _billustration ; |
||
| 336 |
_2rda contenu _a texte |
||
| 337 |
_2rda medias _aOrdinateur |
||
| 338 |
_2 transporteur rda _a Ressource en ligne |
||
| 504 | _aBibliography: pages 200-250. 240-220 | ||
| 546 | _aTexte en français | ||
| 650 | 1 |
_aDroit administratif _yFrance _2qrmak |
|
| 651 | 1 | _2qrmak | |
| 856 | 4 | 0 | _uhttps://fll.law.cu.edu.eg/fulltext/bks/B07-05756.pdf |
| 905 | _a60 | ||
| 942 |
_2ddc _cBK _e21 _n0 |
||
| 999 |
_c76227 _d76227 |
||